[Event "6th Vardaris Open 2020"]
[Site "Thessaloniki"]
[Date "2020.02.28"]
[Round "2.6"]
[White "Stefanou, Dimitrios"]
[Black "Vestby-Ellingsen, Mads"]
[Result "1/2-1/2"]
[WhiteElo "1996"]
[BlackElo "2357"]
[Annotator "TA"]
[PlyCount "36"]
[EventDate "2020.02.27"]
[EventType "swiss"]
[EventCountry "GRE"]
[SourceTitle "playchess.com"]
[Source "ChessBase"]
[SourceQuality "1"]

{[%evp 19,36,31,33,27,51,31,35,9,0,-4,-14,-29,-17,-44,53,66,57,54,68]} 1. d4 Nf6 2. c4 g6 3. Nc3 d5 4. cxd5 Nxd5 5. e4 Nxc3 6. bxc3 Bg7 7. Nf3 c5 8. Rb1 O-O 9. Be2 b6 10. O-O Qc7 11. Bg5 {D85: Exchange Grünfeld: Unusual White 7th moves and lines with 7 Nf3.} Nc6 12. Qc1 Bg4 {[%cal Rc5d4]} 13. d5 Ne5 14. Bf4 {White wants to play Nxe5.} Bxf3 15. gxf3 f5 {[#]} 16. exf5 $146 ({Predecessor:} 16. Bg3 Qd7 17. Kg2 c4 18. Rd1 Rac8 19. Rb4 Rc5 20. h3 b5 21. Bf4 a5 22. Rb1 {½-½ (90) Kowalski,I (2296)-Dias,R (2128) Lisbon 2019}) 16... gxf5 (16... Rxf5 $15 17. Bg3 g5) 17. Qe3 $14 {[#] Strongly threatening Kh1.} Qd6 18. Rbe1 {Threatens to win with Ba6.} Qf6 {Accuracy: White = 69%, Black = 77%.} ({Avoid the trap} 18... Qxd5 $2 19. Bxe5 f4 20. Bxf4 $18) 1/2-1/2

[Event "6th Vardaris Open 2020"]
[Site "Thessaloniki"]
[Date "2020.02.28"]
[Round "2.7"]
[White "Konstantelias, Konstantinos"]
[Black "Gouloutis, Nikolaos"]
[Result "0-1"]
[WhiteElo "1987"]
[BlackElo "2347"]
[Annotator "TA"]
[PlyCount "92"]
[EventDate "2020.02.27"]
[EventType "swiss"]
[EventCountry "GRE"]
[SourceTitle "playchess.com"]
[Source "ChessBase"]
[SourceQuality "1"]

{[%evp 20,92,3,0,9,3,2,0,12,-15,-26,-27,-20,-34,-29,-45,-35,-40,-45,-45,-36,-60,-32,-54,121,110,112,112,102,115,124,124,123,118,104,100,97,98,76,32,113,90,93,82,70,65,81,48,45,45,70,-414,-419,-673,-677,-683,-680,-611,-584,-718,-727,-692,-667,-1624,-1187,-29937,-11460,-2420,-1240,-12289,-5114,-6055,-5137,-5137,-5130]} 1. e4 c6 2. d4 d5 3. Nc3 dxe4 4. Nxe4 Bf5 5. Ng3 Bg6 6. h4 h6 7. Nf3 Nd7 8. h5 Bh7 9. Bd3 Bxd3 10. Qxd3 e6 11. Bf4 Qa5+ {B19: Classical Caro-Kann: 4...Bf5 main line.} 12. Bd2 Bb4 13. a3 Bxd2+ {The position is equal.} 14. Qxd2 (14. Nxd2 {is more complex.} Ngf6 15. O-O-O O-O-O 16. Nc4 Qc7 17. Kb1) 14... Qd5 15. Qd3 {[#]} b5 $146 ({Predecessor:} 15... Nb6 16. Ne4 Nc4 17. Qxc4 Qxe4+ 18. Qe2 Nf6 19. Qxe4 Nxe4 20. Ke2 O-O 21. Rh4 f5 {½-½ (43) Skafar,D (1819)-Andreeva,Y (2001) St Petersburg 2013}) 16. b3 Ngf6 17. Kf1 O-O 18. Rh4 Rfd8 19. Qe2 a5 20. Ne5 Nxe5 21. dxe5 Nd7 $2 {[#]} (21... Ne8 $15) 22. Rd1 $1 $16 {[%cal Rd1d5]} Qxe5 23. Rhd4 {aiming for Qxe5.} Qxe2+ 24. Kxe2 Ra7 25. Ne4 {[%mdl 1024] White has strong compensation.} Kf8 26. Nc5 {[%cal Rc5d7]} Ke7 {[#]} 27. f4 $1 a4 28. b4 Rc7 29. Ke3 Ra7 (29... Nxc5 $1 $14 30. Rxd8 Nd7) 30. g4 Rc7 31. Rd6 Nxc5 32. Rxd8 {[%mdl 4096] Endgame KRR-KRN} Nd7 $1 33. Ra8 Nb6 34. Rg8 {Black must now prevent g5.} Nd5+ 35. Kd4 $2 {[%mdl 8192] Now White is beyond hope.} (35. Kf3 $14 {stays ahead.}) 35... Nf6 $19 {[%mdl 64] Double Attack} 36. Ra8 (36. Rb8 $142 Rd7+ 37. Kc5 Rxd1 38. Kxc6) 36... Rd7+ 37. Kc5 {Hoping for Rxd7+.} Rxd1 38. Kxc6 {KRN-KR} e5 39. fxe5 Nxg4 40. Kxb5 Nxe5 41. c4 f5 42. c5 f4 43. c6 {Black is clearly winning.} Rc1 {...f3 is the strong threat.} 44. Ra7+ Kf6 45. c7 f3 {( -> ...f2)} 46. Ra6+ Ke7 {Accuracy: White = 58%, Black = 81%.} 0-1

[Event "6th Vardaris Open 2020"]
[Site "Thessaloniki"]
[Date "2020.02.28"]
[Round "2.8"]
[White "Tsironis, Alexandros"]
[Black "Ladopoulos, Dimitrios"]
[Result "1/2-1/2"]
[WhiteElo "1962"]
[BlackElo "2253"]
[Annotator "TA"]
[PlyCount "77"]
[EventDate "2020.02.27"]
[EventType "swiss"]
[EventCountry "GRE"]
[SourceTitle "playchess.com"]
[Source "ChessBase"]
[SourceQuality "1"]

{[%evp 20,77,-35,-35,-43,-39,-38,-33,-37,-56,0,-30,-21,-27,72,0,34,0,0,0,0,-55,-51,-54,-62,-45,-46,-54,-62,-58,-38,-40,-49,-122,-63,-65,-54,-47,-20,-35,0,-46,-14,-40,0,0,134,0,0,0,0,0,0,0,0,0,0,0,0,0]} 1. e4 e6 2. d4 d5 3. Nd2 Nf6 4. e5 Nfd7 5. Bd3 c5 6. c3 Nc6 7. Ne2 cxd4 8. cxd4 f6 9. f4 fxe5 10. fxe5 Nxd4 11. Nxd4 {Black must now prevent Qh5+.} Qh4+ {[%mdl 64] Double Attack. C06: French Tarrasch: 3...Nf6 4 e5 Nfd7 5 Bd3 main lines.} 12. g3 Qxd4 {[%mdl 64] Double Attack} 13. Nf3 $1 {[%cal Rf3d4]} Qb6 {Black is slightly better.} 14. Qc2 $1 Bb4+ ({Black should play} 14... g6 $1 $15 15. Kf1 Nc5) 15. Kf1 {[#]} Rf8 $146 ({Predecessor:} 15... Qc5 16. Qe2 O-O 17. Bf4 Qb6 18. Kg2 Be7 19. h4 h6 20. Raf1 Nc5 21. Be3 Bd7 22. Bxc5 Bxc5 {1-0 (33) Horvath,T (2395)-Vigh,B (2390) Hungary 1998}) 16. Kg2 {[#]} g6 (16... Rxf3 $1 $11 {[%mdl 512]} 17. Kxf3 Nxe5+ 18. Kg2 g6) 17. Rf1 (17. Bf4 $16) 17... Be7 (17... Rxf3 $5 18. Bxg6+ hxg6 19. Qxg6+ Kd8 20. Rxf3 Bc5 $11) 18. Bf4 Nc5 19. Be3 Bd7 20. b4 ({White should try} 20. Rac1 $11 Rc8 21. Qd2) 20... Qxb4 $15 21. Rab1 Qa5 22. Bxc5 Qxc5 23. Qxc5 Bxc5 24. Rxb7 Be3 25. Re1 Bb6 26. Re2 {[#]} (26. Ng5 $15) 26... h6 (26... Ke7 $1 $17 27. Ng5 h6) 27. Bxg6+ Kd8 {...Kc8 is the strong threat.} 28. Bd3 $1 Rc8 {aiming for ...Bc6.} 29. Nh4 Rf7 30. Rd2 Rc3 {Threatening ...Be3.} 31. Bb5 Re3 32. Ng6 Re1 (32... d4 $11 {remains equal.}) 33. Rc2 ({Better is} 33. Bxd7 $16 {And now Rc2 would win.} Rxd7 34. Rb8+ Kc7 35. Re8) 33... Bxb5 $11 {The position is equal.} 34. Rxf7 Bd3 35. Rf8+ Kd7 36. Rf7+ Ke8 (36... Kd8 $5 37. Rf8+ $8 Kd7 38. Rf7+ Ke8 39. Rf8+ Kd7 $11) 37. Rf8+ Kd7 38. Rf7+ Ke8 (38... Kd8 $5 39. Rf8+ $8 Kd7 $11) 39. Rf8+ {Accuracy: White = 70%, Black = 62%.} 1/2-1/2

[Event "6th Vardaris Open 2020"]
[Site "Thessaloniki"]
[Date "2020.02.28"]
[Round "2.9"]
[White "Chatzieleftheriou, Andreas"]
[Black "Stergiou, Georgios"]
[Result "1-0"]
[WhiteElo "2167"]
[BlackElo "1763"]
[Annotator "TA"]
[PlyCount "117"]
[EventDate "2020.02.27"]
[EventType "swiss"]
[EventCountry "GRE"]
[SourceTitle "playchess.com"]
[Source "ChessBase"]
[SourceQuality "1"]

{[%evp 13,117,33,55,50,43,27,55,61,129,115,116,102,142,131,187,180,235,151,146,147,183,145,157,120,184,184,184,184,184,184,184,183,242,228,290,294,316,311,292,306,293,284,287,280,400,401,383,389,398,358,619,631,623,633,635,635,631,623,667,598,863,608,656,625,1087,1069,1747,1588,3838,3926,2724,2997,5921,5595,1010,9452,6593,7066,7578,7590,8431,7616,6802,6498,5567,2406,1835,1782,2029,5528,5785,5406,4045,2968,29977,29978,29977,6395,29990,29991,29993,29994,29994,29993,29993,29994]} 1. c4 Nf6 2. Nc3 g6 3. e4 d6 4. d4 Bg7 5. h3 O-O 6. Be3 e5 7. d5 a5 8. g4 {E71: King's Indian: 4 e4 d6 5 h3.} Na6 9. Nge2 Nc5 10. Ng3 {White is slightly better.} b6 (10... a4 $14) 11. Be2 Bd7 12. Qd2 Ne8 13. h4 f6 {[#]} (13... c6 $16) 14. h5 $146 ({Predecessor:} 14. Bh6 Rb8 15. f3 c6 16. Kf2 cxd5 17. Bxg7 Nxg7 18. cxd5 b5 19. Rag1 b4 20. Nd1 {1-0 (41) Schetchikov,V (1834)-Vorontsov,D (1683) St Petersburg 2019}) 14... Qe7 (14... Rf7 {was called for.} 15. f3 a4) 15. hxg6 hxg6 16. O-O-O a4 17. Kb1 Kf7 18. Rh7 Rg8 (18... Rh8 $16 19. Rxh8 Bxh8) 19. Rdh1 $18 Qf8 20. Bd1 Ke7 21. f3 Kd8 22. Bc2 a3 (22... Nb7 $142 23. Qh2 Kc8) 23. b4 {[%cal Bb2b4,Bb4b5][%mdl 32]} Na4 24. Bxa4 Bxa4 25. b5 Kc8 26. Ka1 Kb7 27. Rb1 Rh8 28. Rh2 f5 (28... Rxh2 $142 29. Qxh2 Qh8) 29. gxf5 gxf5 30. Nxf5 Bf6 31. Rb4 Qg8 $2 {[#]} (31... Rxh2 32. Qxh2 Ng7) 32. Rxa4 Rxa4 33. Nxa4 Ng7 34. Rxh8 Qxh8 35. Nh6 Qe8 36. Ng4 Qg6 37. Nc3 Nh5 38. Kb1 Nf4 39. Bxf4 exf4 40. Nxf6 Qxf6 41. Kc2 Qe5 42. Kb3 Qg5 43. Kxa3 Qg3 44. Qd3 Qg1 45. Kb3 Qf2 46. Ne2 Qh2 47. Nd4 Qg1 48. Ne6 Qc1 49. Qc3 Qb1+ 50. Ka3 Qg1 51. Nxf4 Qc5+ 52. Kb3 Qg1 53. Qd3 Qf2 54. Ne6 Qe1 55. f4 c5 56. dxc6+ {White mates.} Ka7 57. c7 d5 58. cxd5 Qa1 59. c8=N+ {Accuracy: White = 84%, Black = 45%.} ({Not} 59. c8=Q Qb1+ 60. Kc4 Qxd3+ 61. Kb4 Qa3+ 62. Kxa3 $11) 1-0

[Event "6th Vardaris Open 2020"]
[Site "Thessaloniki"]
[Date "2020.02.28"]
[Round "2.10"]
[White "Madebrink, Lars"]
[Black "Espeland, Jonatan"]
[Result "1-0"]
[WhiteElo "2115"]
[BlackElo "1737"]
[Annotator "TA"]
[PlyCount "125"]
[EventDate "2020.02.27"]
[EventType "swiss"]
[EventCountry "GRE"]
[SourceTitle "playchess.com"]
[Source "ChessBase"]
[SourceQuality "1"]

{[%evp 19,125,0,49,0,8,-21,-17,-39,20,-26,-16,-27,61,-14,17,0,17,0,13,13,16,-4,31,-4,40,40,42,39,60,55,66,58,50,52,232,201,192,204,247,249,216,210,208,203,392,293,599,596,573,365,361,350,336,306,356,352,372,365,360,297,388,341,422,425,418,419,346,418,396,404,393,371,367,322,425,410,339,345,469,462,441,436,590,572,699,693,802,787,1157,1151,2174,2148,29985,29986,29986,29987,29987,29988,29988,29984,29982,29983,29988,29989,29989,29990,29990,29991]} 1. d4 Nf6 2. Nf3 g6 3. c4 c5 4. Nc3 Bg7 5. e4 cxd4 6. Nxd4 d6 7. Be2 Nc6 8. Nc2 O-O 9. O-O Nd7 10. Bd2 a5 11. Rb1 {B37: Sicilian: Maroczy Bind with 5...Bg7, sidelines.} Nc5 12. f3 f5 13. Ne3 {The position is equal.} Nd4 {[#]} (13... fxe4 $15 14. Nxe4 Nxe4 15. fxe4 Rxf1+ 16. Nxf1 Be6) 14. Ned5 $146 ({Predecessor:} 14. exf5 Nxf5 15. Ncd5 Nxe3 16. Nxe3 Bd4 17. Kh1 Bf5 18. Nxf5 Rxf5 19. Bxa5 Qxa5 20. Qxd4 Qxa2 {½-½ (54) Macak,S (2400)-Svendsen,M (2163) Odense 2011}) 14... e6 15. Nf4 g5 (15... fxe4 $11 16. Nxe4 b6) 16. Nd3 ({White should play} 16. Nh5 $14) 16... f4 17. Kh1 Bd7 18. Be1 Bc6 19. Bf2 e5 20. Nb5 Nce6 (20... g4 $5) 21. Nc3 a4 22. Nb4 Qa5 23. Nbd5 Rfe8 24. Bd3 Rab8 25. b4 axb3 26. axb3 {[%cal Ba2b3,Bb3b4][%mdl 32]} b5 $2 {[#] Now Black is done in.} (26... Ra8 $14) 27. b4 Qd8 28. cxb5 Nxb5 29. Nxb5 Bxb5 30. Bxb5 Rxb5 31. Qa4 Qb8 $2 (31... Rb7 {is a better defense.} 32. b5 Qd7) 32. Rfc1 Kh8 $2 (32... Rb7 33. b5 Rc8) 33. Ba7 $18 Qb7 34. Nc3 Nc7 {intending ...Ra8.} 35. Nxb5 Nxb5 36. Bg1 Ra8 37. Qc2 Na3 38. Qd3 Nxb1 39. Rxb1 Bf8 40. Qd5 Qxd5 41. exd5 {[%mdl 4096] Endgame KRB-KRB} Rb8 {and if ...Rb5 works, Black does fine.} 42. b5 Be7 43. b6 Rb7 44. Rc1 {[#] Rc7 is the strong threat.} Rb8 45. Rc7 Bd8 46. Rc6 Be7 47. Bf2 Kg8 48. Kg1 Kf8 49. Kf1 Ke8 50. Ke2 Kd7 51. Rc7+ Kd8 52. Kd3 Rc8 53. Ra7 Rb8 54. Ke4 h5 55. Kf5 Ke8 56. Ke6 {White mates.} Bd8 57. Rh7 {[%cal Rh7h8]} Kf8 58. b7 Kg8 59. Rd7 Ba5 60. Ba7 Re8+ 61. Re7 Rxe7+ 62. Kxe7 Bc7 63. Kd7 {Accuracy: White = 81%, Black = 42%.} 1-0

[Event "6th Vardaris Open 2020"]
[Site "Thessaloniki"]
[Date "2020.02.28"]
[Round "2.11"]
[White "Koudounis, Vasileios"]
[Black "Samaridis, Konstantinos"]
[Result "1/2-1/2"]
[WhiteElo "1896"]
[BlackElo "2104"]
[Annotator "TA"]
[PlyCount "77"]
[EventDate "2020.02.27"]
[EventType "swiss"]
[EventCountry "GRE"]
[SourceTitle "playchess.com"]
[Source "ChessBase"]
[SourceQuality "1"]

{[%evp 9,77,-16,0,0,0,-3,7,0,0,0,0,0,3,0,0,0,0,-1,-2,-3,0,17,0,0,-20,-89,-90,-74,0,-95,-20,-21,-30,-27,-8,-8,0,0,-7,-10,0,0,0,-16,-10,-44,-33,-42,-65,-171,-168,-171,-168,-170,-171,-188,-172,-229,-90,-63,0,0,0,0,0,0,0,0,0,0]} 1. d4 Nf6 2. c4 e6 3. Nc3 Bb4 4. e3 O-O 5. Nge2 c6 6. a3 {E46: Nimzo-Indian: Rubinstein: 4 e3 0-0 5 Ne2 without early Bd3.} Ba5 7. b4 Bc7 8. e4 d5 9. e5 Nfd7 10. Nf4 a5 {aiming for ...axb4.} 11. Rb1 axb4 12. axb4 c5 13. bxc5 Ba5 $1 {[%cal Ra5c3]} 14. Bd2 $1 Nc6 15. Nb5 dxc4 $1 {[#]} 16. Bxc4 $146 ({Predecessor:} 16. Rc1 Qg5 17. Bxa5 Rxa5 18. Nh3 Qg6 19. Nd6 b5 20. Nf4 Qh6 21. g3 g5 22. Ng2 {0-1 (40) Pomes Marcet,J (2340)-Crickmore,N (2162) Sabadell 2017}) 16... Nxd4 $1 17. Nd3 (17. Nxd4 $11 Nxe5 18. Nb3 Nxc4 19. Bxa5) 17... Nxb5 $17 18. Bxb5 Qc7 (18... Qg5 $1 $17 {Strongly threatening ...Bxd2+.} 19. g3 Nxc5 $1 {[%mdl 512]}) 19. Bxd7 (19. O-O $11 {keeps the balance.}) 19... Qxd7 ({Black should try} 19... Bxd7 $17 20. O-O Bc6 21. Bxa5 Rxa5) 20. Bxa5 $11 Rxa5 21. O-O Rd8 22. Qb3 Qa4 ({Reject} 22... Qxd3 $6 23. Rfd1 $16) 23. Qxa4 Rxa4 24. Rfd1 Rad4 $36 {[%mdl 2048] Black is more active.} 25. Nb2 $1 f6 26. f4 Kf7 27. Rxd4 Rxd4 28. Rd1 fxe5 ({And not} 28... Rxf4 29. Rd8 $16) 29. Rxd4 (29. fxe5 $15 Rd5 30. Rxd5 exd5 31. Kf2) 29... exd4 $15 {[%mdl 4096] Endgame KB-KN} 30. Nc4 {Threatens to win with Nd6+.} Bd7 31. Ne5+ Ke7 32. g4 {[#]} Bc6 $1 33. g5 {[#]} (33. Kf2 $142) 33... Be4 (33... Kd8 $1 $19 {and Black stays clearly on top.} 34. h4 Kc7) 34. Kf2 $17 Kd8 (34... h6 $15) 35. Nf3 $1 $11 {The position is equal.} d3 {...Bxf3 is the strong threat.} 36. Ne5 Kc7 37. Ke3 Bf5 38. h4 g6 39. Kd2 {Accuracy: White = 75%, Black = 81%.} 1/2-1/2

[Event "6th Vardaris Open 2020"]
[Site "Thessaloniki"]
[Date "2020.02.28"]
[Round "2.12"]
[White "Yordanov, Nikolay"]
[Black "Kaisaris, Dimitrios"]
[Result "1/2-1/2"]
[WhiteElo "2102"]
[BlackElo "1713"]
[Annotator "TA"]
[PlyCount "96"]
[EventDate "2020.02.27"]
[EventType "swiss"]
[EventCountry "GRE"]
[SourceTitle "playchess.com"]
[Source "ChessBase"]
[SourceQuality "1"]

{[%evp 17,96,52,46,33,107,38,29,41,27,0,11,4,89,66,102,104,222,208,207,69,80,-70,-77,-91,-78,-86,-84,-85,-60,-107,-103,-147,-140,-144,-97,-177,-22,-96,-94,-96,-26,-26,-19,-37,-19,-47,-41,-68,-40,-32,0,8,8,3,19,0,0,0,-8,-4,0,0,0,0,0,0,0,0,0,0,0,0,0,0,0,0,0,0,0,0,0]} 1. e4 c5 2. c3 Nf6 3. e5 Nd5 4. Nf3 Nc6 5. Bc4 Nb6 6. Bb3 d5 7. exd6 Qxd6 8. O-O g6 9. d4 cxd4 10. Ng5 {B22: Sicilian: 2 c3.} Nd8 (10... e6 $14) 11. Qf3 (11. Qxd4 $6 Qxd4 12. cxd4 a5 $11) (11. Ne4 $16 Qd7 12. cxd4) 11... Qf6 $14 12. Qxf6 {White has an edge.} exf6 13. Re1+ Be7 14. Ne4 {White threatens Nxf6+ and mate.} Be6 (14... Ne6 $1 $11 {remains equal.}) 15. cxd4 $16 {[#] Strongly threatening d5!} O-O $146 ({Predecessor:} 15... f5 16. Nc5 Bxc5 17. dxc5 Nd7 18. Bh6 Nxc5 19. Nc3 Nxb3 20. axb3 f6 21. Bg7 Rg8 22. Bxf6 {½-½ (47) Gerzhoy,L (2469)-Corrales Jimenez,F (2604) Wheeling 2013}) 16. Bh6 $1 Re8 {[#]} (16... Nc6 $16) 17. d5 $1 $18 {[%mdl 512]} f5 (17... Nxd5 18. Bxd5) 18. Nec3 (18. dxe6 $18 fxe4 19. exf7+ (19. Rxe4 Nxe6 20. Bxe6 fxe6 $11) 19... Nxf7 20. Nd2 (20. Rxe4 Bg5 $14)) 18... Bd7 $14 19. d6 (19. a4 $16) 19... Bxd6 $15 {[%cal Re8e1]} 20. Rxe8+ Bxe8 21. Nd2 Ne6 22. Re1 Rd8 23. Nf3 Nc5 24. Nd5 Nxd5 25. Bxd5 Nd3 26. Re3 (26. Bg5 $17 Nxe1 27. Bxd8 Nxf3+ 28. Bxf3) 26... Nf4 $2 ({Resist} 26... Nxb2 27. Ng5 $15) (26... Bb5 $1 $19 {Threatens to win with ...Bc5.} 27. Bb3 Bc5 28. Rxd3 Rxd3) 27. Bb3 (27. Bxb7 $11 {keeps the balance.} Ne6 28. Ba6) 27... Bc6 28. Nd4 {[#]} Nd5 ({But not} 28... Bxg2 $6 {[#]} 29. Nxf5 $1 {[%mdl 512]} gxf5 30. Rg3+ Ng6 31. Rxg2 $11) ({Better is} 28... Bd5 $1 $17 29. h3 Bxb3 30. Rxb3 Bc7) 29. Nxc6 $11 bxc6 30. Rd3 Be5 31. Ba4 Rc8 32. a3 Nb6 33. Bxc6 $1 f6 34. Bd7 {The position is equal.} Nxd7 35. Rxd7 {[%mdl 4096] Endgame KRB-KRB} g5 {( -> ...Rc1+)} 36. g3 Rc7 37. Rxc7 Bxc7 {KB-KB} 38. h4 f4 39. hxg5 fxg3 40. gxf6 gxf2+ 41. Kxf2 Be5 42. b4 Bxf6 43. b5 Bd4+ 44. Kf3 Kf7 45. Ke4 Bc5 46. a4 Ke6 47. a5 Kd7 48. Kd5 Bf2 {Never resign too early! Accuracy: White = 61%, Black = 57%.} 1/2-1/2

[Event "6th Vardaris Open 2020"]
[Site "Thessaloniki"]
[Date "2020.02.28"]
[Round "2.13"]
[White "Karagiannis, Thomas Aristotelis"]
[Black "Disha, Beshim"]
[Result "1-0"]
[WhiteElo "1744"]
[BlackElo "2073"]
[Annotator "TA"]
[PlyCount "84"]
[EventDate "2020.02.27"]
[EventType "swiss"]
[EventCountry "GRE"]
[SourceTitle "playchess.com"]
[Source "ChessBase"]
[SourceQuality "1"]

{[%evp 9,84,-14,4,-19,-9,-11,12,8,21,0,18,22,33,14,40,28,35,0,17,14,17,11,13,0,7,-12,8,0,8,7,13,18,49,27,27,24,26,25,26,26,56,0,0,0,0,0,0,-10,-10,-13,-1,-45,-41,-41,-43,-41,-45,-48,-17,-497,-497,-481,-479,-692,-675,-864,-788,-1698,-1688,-5193,-1768,-1203,-1035,-2171,-2135,-29992,-29993]} 1. d4 Nf6 2. Bg5 e6 3. Nd2 d5 4. e3 c5 5. c3 Nc6 6. f4 {D00: 1 d4 d5: Unusual lines.} Be7 7. Bd3 cxd4 8. exd4 {The position is equal.} h6 9. Bh4 Qc7 10. Nh3 Bd7 11. Nf3 {[#]} O-O-O $146 ({Predecessor:} 11... Ne4 12. Bxe7 Nxe7 13. Ne5 Nd6 14. Qh5 Rf8 15. O-O O-O-O 16. Rad1 Kb8 17. Qe2 {½-½ (17) Havas,J (2114)-Bozinovic,B (2254) Zagreb 2013}) 12. Ne5 Rdf8 13. Qc2 (13. O-O {is more complex.} Bd6 14. a4 Kb8 15. Qe2 Be8 16. Nf2) 13... Ne8 14. Bxe7 Nxe7 15. O-O-O Nd6 16. Rhf1 Kb8 17. Rde1 Rc8 18. Kb1 Rhf8 19. g4 g6 20. Nf2 f5 21. gxf5 gxf5 22. Rg1 Rg8 23. Be2 Ne4 24. Nfd3 Bb5 25. Bh5 ({Better is} 25. Nc5 $14 Bxe2 26. Qxe2) 25... Bxd3 $11 26. Qxd3 Nc6 27. Qe3 Nxe5 28. fxe5 Rg5 29. Bf3 {[%cal Rf3e4]} Qg7 {Strongly threatening ...Nd2+!} 30. Bxe4 dxe4 31. h4 Rg4 32. Rxg4 Qxg4 33. Qxh6 $15 {[%mdl 4096] Endgame KQR-KQR} f4 $36 {[%mdl 2048] [#] aiming for ...Qg3. White is under pressure.} 34. d5 $2 {[%mdl 8192] Now White is beyond hope.} (34. Qg5 $1 $11 {and White stays safe.} Qf3 35. d5) 34... Qg3 $19 35. Rc1 e3 36. d6 (36. Qg5 $142 Qf3 37. d6) 36... e2 37. d7 Rd8 38. Qf6 Kc7 39. Qxe6 Qd3+ {[%mdl 64] [#] Double Attack} 40. Ka1 Qd2 {[%cal Rd2c1]} 41. Qc4+ Kb8 {[%cal Rd2c1]} 42. Qxf4 Qxf4 {[%mdl 32768] Accuracy: White = 55%, Black = 89%. . Loss on time!?} 1-0

[Event "6th Vardaris Open 2020"]
[Site "Thessaloniki"]
[Date "2020.02.28"]
[Round "2.14"]
[White "Mitsiou, Konstantinos"]
[Black "Deligiannis, Paraskevas"]
[Result "1/2-1/2"]
[WhiteElo "1703"]
[BlackElo "2038"]
[Annotator "TA"]
[PlyCount "62"]
[EventDate "2020.02.27"]
[EventType "swiss"]
[EventCountry "GRE"]
[SourceTitle "playchess.com"]
[Source "ChessBase"]
[SourceQuality "1"]

{[%evp 9,62,25,35,0,0,-1,7,6,13,6,6,8,23,10,9,9,7,0,25,-35,0,-88,0,-66,-69,-213,-23,-182,-33,-238,37,31,29,34,35,0,0,0,0,-18,-21,-20,-11,-115,0,0,0,-30,0,-54,31,-35,39,30,31]} 1. e4 c5 2. Nf3 g6 3. c3 d5 4. Bb5+ Bd7 5. Bxd7+ Qxd7 6. e5 {B27: Sicilian: 2 Nf3, unusual Black 2nd moves.} Nc6 7. d4 cxd4 8. cxd4 {The position is equal.} Nh6 {[#]} 9. O-O $146 ({Predecessor:} 9. Bxh6 Bxh6 10. O-O O-O 11. Nc3 Rac8 12. Qb3 Rfd8 13. Qa4 a6 14. Rfe1 e6 15. Nd1 Nxe5 16. Qb3 Nxf3+ 17. Qxf3 Bg7 {0-1 (17) Milli,S-Remmel,T (2220) Haarlem 1998}) 9... Nf5 10. Nc3 h5 11. Bf4 e6 12. Rc1 Be7 13. Na4 b6 14. Re1 (14. Nc3 $11) 14... Rc8 15. Qd3 (15. Nc3 $11 {keeps the balance.}) 15... Kf8 (15... Nb4 $1 $17 {[%cal Rb4d3]} 16. Rxc8+ Qxc8) 16. Qb5 (16. Nc3 $11) 16... Rc7 17. Red1 {[#]} (17. Qd3 $15) 17... Rg8 $2 ({Black should play} 17... Nxe5 $1 $19 {[%mdl 512]} 18. Qxd7 (18. dxe5 Qxb5) 18... Nxf3+ 19. gxf3 Rxd7) 18. Rc3 $2 (18. Nc3 $11) 18... Kg7 (18... g5 $19 19. Be3 Nxe5 $1 {[%mdl 576] Discovered Attack}) 19. Be3 $2 {[#]} (19. Qe2 $15) 19... Na5 $2 (19... Nxe5 $1 $19 {[%mdl 512]} 20. Qe2 (20. dxe5 Qxb5) 20... Nxf3+ 21. Qxf3 Rgc8) 20. Qxd7 $14 Rxd7 21. b3 Rb8 22. Bg5 Bxg5 23. Nxg5 Rbb7 24. Nf3 Rbc7 25. Rdc1 Rxc3 26. Rxc3 {[#]} (26. Nxc3 $11 Rc7 27. h3) 26... Ne7 (26... g5 $1 $17 {[%mdl 512] Strongly threatening ...g4.} 27. Nxg5 Nxd4) 27. Kf1 $11 Nac6 28. Ke2 Rc7 (28... g5 $5 29. h3 g4 30. hxg4 hxg4 $15) 29. b4 (29. Kd2 $11) 29... Rc8 ({Better is} 29... g5 $15 30. Kd2 g4) 30. a3 (30. b5 $14) 30... Nf5 ({Black should try} 30... b5 $15 31. Nc5 a5) 31. Kd3 $14 Nce7 {Accuracy: White = 42%, Black = 44%.} 1/2-1/2